| 000 | 01571cad a22002535a 4500 | ||
|---|---|---|---|
| 001 | E148229 | ||
| 008 | 090821s2009 xxk f s000 0 eng d | ||
| 020 | _a9780755990849 | ||
| 035 | _a(Sirsi) u148229 | ||
| 041 | 0 | _aeng | |
| 050 | 0 | 4 | _a614.76 $2 18 |
| 110 | 2 |
_aScotland _bScottish Government _95344 |
|
| 245 | 0 | 0 |
_aConsultation on the strategic environmental assessment _bScottish national waste management plan 2009, environmental report, 10th August 2009 _h[electronic resource] |
| 260 |
_aEdinbugh _bScottish Government _c2009 |
||
| 505 | 2 | _aNon-technical summary -- Introduction to the environmental report -- The National Waste Management Plan for Scotland -- Policy context -- Environmental baseline -- Approach to the assessment -- Significant environmental effects -- Finalising the MWMP and implementation -- Next steps -- Appendices | |
| 520 | _aSeeks views on a strategic environmental assessment for The National Waste Management Plan (NWMP) for Scotland. This document is required by the EU Waste Framework Directive and the National Waste Management Plan for Scotland Regulations 2007, and sets out the idea of a "Zero Waste Scotland". Deadline for comments is 13 November 2009. | ||
| 521 | _aAdvanced | ||
| 590 | _aKA | ||
| 650 | 2 | 4 | _aNATIONAL WASTE MANAGEMENT PLAN FOR SCOTLAND REGULATIONS 2007 |
| 651 | 4 |
_aScotland _y1999- |
|
| 690 | _aENVIRONMENTAL AND LAND CONSULTANCY-WASTE MANAGEMENT | ||
| 856 | 4 | 0 |
_uhttps://www.scotland.gov.uk/Publications/2009/08/19155137/0 _zView the consultation free of charge at www.scotland.gov.uk... |
| 942 | _n0 | ||
| 999 |
_c109964 _d109964 |
||